[Event "Int. Stuttgarter Stadtmeisterschaft B"]
[Site "Ditzingen"]
[Date "2019.06.02"]
[Round "7.3"]
[White "SchÃ¶mbs, Oliver"]
[Black "Jantos, Stefan"]
[Result "0-1"]
[WhiteElo "1786"]
[BlackElo "1887"]
[PlyCount "60"]
[EventDate "2019.??.??"]
[WhiteTeam "SC Ingersheim e.V."]
[BlackTeam "SF Oeffingen e.V."]

1. c4 Nf6 2. g3 e5 3. Bg2 d5 4. cxd5 Nxd5 5. Nc3 c6 6. a3 Bc5 7. Qc2 Nxc3 8.
bxc3 Qf6 9. Nf3 O-O 10. O-O Bf5 11. d3 Nd7 12. Ng5 Bb6 13. e4 Bg6 14. Nf3 Bh5
15. Qe2 Nc5 16. Be3 Ne6 17. h3 Bxe3 18. fxe3 Bxf3 19. Rxf3 Qe7 20. Qa2 Qc5 21.
Qb3 Ng5 22. Rf5 Qxe3+ 23. Kh2 g6 24. Rf6 Rad8 25. Raf1 Rxd3 26. Qxb7 Qxg3+ 27.
Kh1 Rd2 28. Rg1 Nxh3 29. Qxa7 Nf2+ 30. Rxf2 Qh4+ 0-1

[Event "Int. Stuttgarter Stadtmeisterschaft B"]
[Site "Ditzingen"]
[Date "2019.06.02"]
[Round "7.4"]
[White "Machaczek, Werner"]
[Black "Abel, Manfred"]
[Result "1/2-1/2"]
[WhiteElo "1649"]
[BlackElo "1856"]
[PlyCount "77"]
[EventDate "2019.??.??"]
[WhiteTeam "SC Tamm 74"]
[BlackTeam "SK Bietigheim-Bissingen"]

1. e4 c5 2. Nf3 d6 3. Bb5+ Nc6 4. Bxc6+ bxc6 5. h3 g6 6. d3 Bg7 7. O-O Rb8 8.
Nc3 Nf6 9. Rb1 O-O 10. Bd2 h6 11. Ne2 Ne8 12. Bc3 e5 13. Bd2 Be6 14. b3 f5 15.
exf5 gxf5 16. Re1 f4 17. Nxf4 Bf7 18. Ne2 Bd5 19. Nh2 Qh4 20. Ng3 Rb7 21. Qg4
Qf6 22. Be3 Rbf7 23. Ne4 Qe7 24. Rf1 Kh7 25. f3 Rg8 26. Qg3 Be6 27. Ng4 h5 28.
Ng5+ Kh8 29. Nxf7+ Qxf7 30. Qe1 Qg6 31. Kf2 hxg4 32. hxg4 Rf8 33. Ke2 Nc7 34.
Kd2 Nd5 35. Rh1+ Kg8 36. Qh4 Nxe3 37. Kxe3 Bf6 38. Qh5 Kg7 39. Qxg6+ 1/2-1/2

[Event "Int. Stuttgarter Stadtmeisterschaft B"]
[Site "Ditzingen"]
[Date "2019.06.02"]
[Round "7.5"]
[White "Reichardt, Bernd"]
[Black "Volk, Oskar"]
[Result "1/2-1/2"]
[WhiteElo "1750"]
[BlackElo "1675"]
[PlyCount "60"]
[EventDate "2019.??.??"]
[WhiteTeam "SF MarkgrÃ¤flerland e."]
[BlackTeam "SC Grunbach"]

1. Nf3 Nf6 2. b3 d6 3. Bb2 e5 4. d3 g6 5. g3 Bg7 6. Bg2 O-O 7. O-O Nc6 8. Nbd2
h6 9. c4 Qe8 10. a3 Nd7 11. e4 a5 12. Qc2 Nc5 13. Bc3 Nd4 14. Bxd4 exd4 15.
Rae1 c6 16. b4 Na6 17. bxa5 Nc5 18. Nb3 Nxb3 19. Qxb3 Rxa5 20. Qb4 Qd8 21. Ra1
Qc7 22. h3 Bd7 23. Rfb1 b5 24. c5 Ra4 25. cxd6 Rxb4 26. dxc7 Rxb1+ 27. Rxb1 Rc8
28. e5 Rxc7 29. Nxd4 Bxe5 30. Nc2 c5 1/2-1/2

[Event "Int. Stuttgarter Stadtmeisterschaft B"]
[Site "Ditzingen"]
[Date "2019.06.02"]
[Round "7.6"]
[White "Stiefelmeyer, Michael"]
[Black "Schulz, Jens Peter"]
[Result "1/2-1/2"]
[WhiteElo "1689"]
[BlackElo "1846"]
[PlyCount "83"]
[EventDate "2019.??.??"]
[WhiteTeam "SF Nabern"]
[BlackTeam "SV Dicker Turm Esslingen"]

1. c4 c5 2. g3 Nc6 3. Bg2 e5 4. Nc3 g6 5. e4 Bg7 6. Nge2 Nge7 7. O-O O-O 8. d3
d6 9. Be3 Be6 10. h3 Qd7 11. Kh2 f5 12. f4 b6 13. Qd2 Rad8 14. Rab1 Kh8 15. a3
fxe4 16. dxe4 Bxc4 17. b3 Be6 18. Rfd1 Nd4 19. Nd5 Nxd5 20. exd5 Bf5 21. Rb2
Nxe2 22. Qxe2 exf4 23. Bxf4 Bxb2 24. Qxb2+ Qg7 25. Qc1 Rfe8 26. Bd2 Kg8 27. Bc3
Re5 28. Rf1 Rde8 29. g4 Bc8 30. Qf4 Qe7 31. Bxe5 Qxe5 32. Qxe5 dxe5 33. d6 Be6
34. Rf6 Bxb3 35. g5 e4 36. Kg1 Ba4 37. Bf1 e3 38. Bc4+ Kh8 39. Kf1 Bd7 40. h4
Bh3+ 41. Ke1 Bg4 42. Bd5 1/2-1/2

[Event "Int. Stuttgarter Stadtmeisterschaft B"]
[Site "Ditzingen"]
[Date "2019.06.02"]
[Round "7.7"]
[White "Baumeister, JÃ¼rgen"]
[Black "TÃ¶njes, JÃ¼rgen"]
[Result "1/2-1/2"]
[WhiteElo "1713"]
[BlackElo "1839"]
[PlyCount "101"]
[EventDate "2019.??.??"]
[WhiteTeam "SC Asperg"]
[BlackTeam "SF Lilienthal von 1971"]

1. c4 c6 2. d4 d5 3. Nf3 Nf6 4. g3 Bf5 5. Qb3 Qb6 6. Bg2 e6 7. O-O Be7 8. Bf4
Nbd7 9. Nbd2 O-O 10. h3 h6 11. g4 Bh7 12. Rfd1 Qxb3 13. axb3 Ne4 14. h4 Nxd2
15. Bxd2 Bc2 16. Re1 Bxb3 17. c5 Bc2 18. g5 hxg5 19. hxg5 Be4 20. Ra3 a6 21.
Nh2 Bxg2 22. Kxg2 g6 23. Ng4 Kg7 24. Bf4 Rh8 25. Rb3 Ra7 26. Rh1 Rxh1 27. Kxh1
b6 28. cxb6 Rb7 29. Ne5 Rxb6 30. Rxb6 Nxb6 31. Nxc6 Kf8 32. Kg2 Ke8 33. Kf3 Kd7
34. Nxe7 Kxe7 35. b3 Kd8 36. Bd6 Kc8 37. Ke3 Kb7 38. Kd2 Kc6 39. Bf8 Kb5 40.
Bc5 Nd7 41. Bd6 a5 42. Kd3 Nb6 43. Kc3 Nd7 44. Kb2 Nb6 45. Ka3 Nd7 46. Bc7 Nf8
47. Bd8 Nd7 48. Be7 Nb8 49. e3 Nd7 50. Kb2 Kc6 51. Bd8 1/2-1/2

[Event "Int. Stuttgarter Stadtmeisterschaft B"]
[Site "Ditzingen"]
[Date "2019.06.02"]
[Round "7.8"]
[White "Schnepel, Thomas"]
[Black "Strauss, Martin"]
[Result "0-1"]
[WhiteElo "1811"]
[BlackElo "1709"]
[PlyCount "52"]
[EventDate "2019.??.??"]
[WhiteTeam "SC Pforzheim 1906"]
[BlackTeam "SC Sillenbuch"]

1. e4 c5 2. Nf3 Nc6 3. d4 cxd4 4. Nxd4 e5 5. Nb5 a6 6. Nd6+ Bxd6 7. Qxd6 Qe7 8.
Qd1 Nf6 9. Bd3 d6 10. O-O O-O 11. Nc3 Nb4 12. Be2 Be6 13. a3 Nc6 14. Be3 Rfd8
15. Nd5 Bxd5 16. exd5 Nd4 17. Bxd4 exd4 18. Bf3 Qc7 19. Qxd4 Qxc2 20. Rac1 Qf5
21. Rc7 Rd7 22. Qb6 Nxd5 23. Qxb7 Nxc7 24. Re1 Re8 25. Be4 Rde7 26. f3 Qc5+ 0-1

[Event "Int. Stuttgarter Stadtmeisterschaft B"]
[Site "Ditzingen"]
[Date "2019.06.02"]
[Round "7.9"]
[White "Riepert, Steffen"]
[Black "Wallinger, Lukas"]
[Result "0-1"]
[WhiteElo "1704"]
[BlackElo "1810"]
[PlyCount "102"]
[EventDate "2019.??.??"]
[WhiteTeam "SV NÃ¼rtingen 1920"]
[BlackTeam "SV Unterkochen"]

1. e4 b6 2. d4 Bb7 3. Nc3 e6 4. Nf3 Bb4 5. Bd3 Nf6 6. e5 Ne4 7. Bxe4 Bxe4 8.
O-O Bb7 9. Ne2 Be7 10. Ng3 d6 11. c3 Nd7 12. Re1 dxe5 13. dxe5 Nc5 14. Nd4 Qd5
15. f3 Rd8 16. Qc2 Ba6 17. b4 Nd3 18. Qa4+ Kf8 19. Rd1 Bc4 20. Qc6 Bxb4 21.
Nxe6+ fxe6 22. Qxd5 Rxd5 23. cxb4 Kf7 24. a3 Nxb4 25. Rxd5 Nxd5 26. Ne4 h6 27.
Bb2 Ba6 28. Rc1 Ke7 29. a4 c5 30. a5 Bb7 31. Ba3 Nf4 32. Rb1 Bxe4 33. fxe4 Ne2+
34. Kf2 Nc3 35. Bxc5+ Kd7 36. Rb4 bxc5 37. Rb7+ Kc6 38. Rxa7 Nb5 39. Re7 Nc7
40. Rxg7 Ra8 41. Ke3 Rxa5 42. h4 c4 43. g4 c3 44. Kd3 Rc5 45. Kc2 Nb5 46. Rg8
Kb6 47. Rd8 Rc4 48. Rb8+ Ka5 49. Ra8+ Kb4 50. Ra1 Nd4+ 51. Kd1 c2+ 0-1

[Event "Int. Stuttgarter Stadtmeisterschaft B"]
[Site "Ditzingen"]
[Date "2019.06.02"]
[Round "7.10"]
[White "Schulz, Uwe"]
[Black "RÃ¼ger, Alexander"]
[Result "0-1"]
[WhiteElo "1696"]
[BlackElo "1782"]
[PlyCount "70"]
[EventDate "2019.??.??"]
[WhiteTeam "SF Heubach"]
[BlackTeam "SF Pfullingen"]

1. e4 c5 2. d4 cxd4 3. c3 e5 4. Nf3 Nc6 5. Bc4 Qc7 6. Qe2 Be7 7. O-O d6 8. h3
Be6 9. Bxe6 fxe6 10. Qc4 Qd7 11. cxd4 Rc8 12. Nc3 Nxd4 13. Qd3 Nxf3+ 14. Qxf3
Nf6 15. Rd1 O-O 16. Qe2 a6 17. Rd3 b5 18. Bg5 Rc6 19. f4 exf4 20. e5 Nd5 21.
Nxd5 Bxg5 22. Nb4 Rc4 23. Rxd6 Qa7+ 24. Kh1 Rxb4 25. Qg4 Bh6 26. Rxe6 g6 27.
Qh4 Bg7 28. Re7 Qc5 29. Rd1 Rd4 30. Re1 f3 31. Qg5 fxg2+ 32. Kxg2 Qc2+ 33. Kh1
Rd2 34. Qg4 Rh2+ 35. Kg1 Qf2# 0-1

[Event "Int. Stuttgarter Stadtmeisterschaft B"]
[Site "Ditzingen"]
[Date "2019.06.02"]
[Round "7.11"]
[White "Chen, Quingzhi Alexander"]
[Black "Kaplunov, Vadym"]
[Result "1/2-1/2"]
[WhiteElo "1607"]
[BlackElo "1773"]
[PlyCount "108"]
[EventDate "2019.??.??"]
[WhiteTeam "SGem Vaihingen-Rohr"]
[BlackTeam "Stuttgarter SF 1879"]

1. e4 g6 2. d4 Bg7 3. Nf3 d6 4. Nc3 c6 5. Be3 b5 6. Bd3 Nf6 7. h3 Bb7 8. Ne2
Nbd7 9. Ng3 c5 10. c3 c4 11. Bc2 h5 12. Nd2 Qc7 13. O-O h4 14. Ne2 e5 15. d5
Nc5 16. f4 Rh5 17. fxe5 dxe5 18. Kh1 Bc8 19. Ng1 a5 20. Qe2 a4 21. Qf2 Nb7 22.
a3 Ra6 23. Ngf3 Qe7 24. Rae1 Ng8 25. Bg5 Bf6 26. Bxf6 Rxf6 27. Qa7 Qd6 28. Nh2
Rxf1+ 29. Rxf1 Kf8 30. Rf3 Kg7 31. Bxa4 bxa4 32. Qxa4 Nc5 33. Qxc4 Ba6 34. Qa2
f5 35. Re3 Nf6 36. b4 Ncxe4 37. Nxe4 Nxe4 38. c4 Qd8 39. Nf3 Ng3+ 40. Kg1 Qf6
41. Rxe5 Qb6+ 42. c5 Qb5 43. Re1 Ne4 44. Qb3 Rh8 45. a4 Qb8 46. b5 Bc8 47. b6
Re8 48. c6 Qg3 49. Qb2+ Kh6 50. Rf1 Ba6 51. Rc1 Qf4 52. Re1 g5 53. Qc1 Qg3 54.
Qb2 Qf4 1/2-1/2

[Event "Int. Stuttgarter Stadtmeisterschaft B"]
[Site "Ditzingen"]
[Date "2019.06.02"]
[Round "7.12"]
[White "Rashba, David"]
[Black "MÃ¼ller, Klaus"]
[Result "0-1"]
[WhiteElo "1738"]
[BlackElo "1654"]
[PlyCount "70"]
[EventDate "2019.??.??"]
[WhiteTeam "SC Sillenbuch"]
[BlackTeam "SV Marbach"]

1. d4 Nf6 2. c4 e5 3. d5 Bb4+ 4. Bd2 a5 5. Qa4 Na6 6. e3 O-O 7. Nc3 d6 8. Be2
Bg4 9. Qd1 Bxe2 10. Ngxe2 Nc5 11. O-O Bxc3 12. Nxc3 Nce4 13. Nxe4 Nxe4 14. Qc2
f5 15. a3 a4 16. Rfb1 b6 17. b3 axb3 18. Rxb3 Nc5 19. Rb2 e4 20. a4 Qh4 21.
Rbb1 Nd3 22. Rf1 Rf6 23. f4 Rh6 24. h3 Rg6 25. Be1 Qxh3 26. Qe2 Rf8 27. Bc3 Qh4
28. Be1 Qh3 29. Bc3 Rg4 30. a5 bxa5 31. Rxa5 Qh6 32. Rd1 Rh4 33. Rxd3 Rh1+ 34.
Kf2 Qh4+ 35. g3 Qh2# 0-1

[Event "Int. Stuttgarter Stadtmeisterschaft B"]
[Site "Ditzingen"]
[Date "2019.06.02"]
[Round "7.13"]
[White "SchÃ¤fer, Tim"]
[Black "Schmedemann, JÃ¶rg"]
[Result "1-0"]
[WhiteElo "1731"]
[BlackElo "1617"]
[PlyCount "51"]
[EventDate "2019.??.??"]
[WhiteTeam "SC Kirchheim/Teck"]
[BlackTeam "SSV Zuffenhausen"]

1. d4 d5 2. c4 Nf6 3. cxd5 Nxd5 4. e4 Nb6 5. Nc3 e6 6. Nf3 Be7 7. Bf4 c6 8. Bd3
O-O 9. Qc2 h6 10. Rd1 Na6 11. a3 Nc7 12. O-O Bd6 13. Bxd6 Qxd6 14. e5 Qe7 15.
Ne4 Nbd5 16. Nfd2 Nf4 17. Nc4 Ncd5 18. Ncd6 f5 19. Nc5 g5 20. b4 h5 21. Bc4 g4
22. b5 cxb5 23. Bxb5 h4 24. Qb3 Rb8 25. Rd2 a6 26. Bxa6 1-0

[Event "Int. Stuttgarter Stadtmeisterschaft B"]
[Site "Ditzingen"]
[Date "2019.06.02"]
[Round "7.15"]
[White "Rautenberg, Uwe"]
[Black "Ellinger, Harald"]
[Result "1/2-1/2"]
[WhiteElo "1714"]
[BlackElo "1584"]
[PlyCount "120"]
[EventDate "2019.??.??"]
[WhiteTeam "SC Ingersheim e.V."]
[BlackTeam "SK e4 Gerlingen"]

1. d4 d5 2. Nc3 e6 3. Bf4 Bd6 4. Bg3 Nf6 5. e3 a6 6. Nf3 c6 7. Bd3 Bb4 8. a3
Bxc3+ 9. bxc3 Ne4 10. Bxe4 dxe4 11. Nd2 f5 12. Qh5+ Kf8 13. Nc4 Nd7 14. Bd6+
Kg8 15. Ne5 Nxe5 16. dxe5 Bd7 17. O-O Be8 18. Qe2 h5 19. Rab1 b5 20. c4 h4 21.
f4 g5 22. cxb5 axb5 23. c4 Ra7 24. cxb5 cxb5 25. Rfc1 gxf4 26. exf4 h3 27. g3
Rg7 28. Rb3 Kh7 29. Rbc3 Kh6 30. Qf1 Qh4 31. Kh1 Qh5 32. Qd1 Qxd1+ 33. Rxd1 Bd7
34. Rc7 Kg6 35. Bb4 Rc8 36. Rxc8 Bxc8 37. Kg1 Bd7 38. Kf2 Kh5 39. Rc1 Kg6 40.
Bd6 Rf7 41. Rc3 Kg7 42. Ke3 Kg8 43. Kd4 Rg7 44. Kc5 Be8 45. Kb6 Bd7 46. Bb4 Kh7
47. Rc7 Be8 48. Rc8 Bh5 49. Kxb5 e3 50. Kb6 Rd7 51. Rc7 Rxc7 52. Kxc7 Bf3 53.
a4 Kh6 54. a5 Kh5 55. a6 Kg4 56. a7 Bd5 57. Kb8 Kf3 58. a8=Q Bxa8 59. Kxa8 Kg2
60. g4 Kxh2 1/2-1/2

[Event "Int. Stuttgarter Stadtmeisterschaft B"]
[Site "Ditzingen"]
[Date "2019.06.02"]
[Round "7.16"]
[White "KÃ¶ller, Bernd"]
[Black "Zehring, Mathias"]
[Result "1-0"]
[WhiteElo "1673"]
[BlackElo "1857"]
[PlyCount "101"]
[EventDate "2019.??.??"]
[WhiteTeam "SK Bebenhausen 1992"]
[BlackTeam "SC Waiblingen 1921"]

1. f4 d5 2. Nf3 Nf6 3. c4 c6 4. cxd5 cxd5 5. g3 Nc6 6. Bg2 Bf5 7. a3 e6 8. e3
Bc5 9. b4 Bb6 10. O-O d4 11. Ne5 Nxe5 12. fxe5 dxe3 13. dxe3 Ne4 14. Qa4+ Kf8
15. Qb3 Rc8 16. Bxe4 Bxe4 17. Qxe6 Bg6 18. Bd2 Rc6 19. Qb3 Qd3 20. Rxf7+ Ke8
21. Qxd3 Bxd3 22. Rxb7 Rf8 23. Rb8+ Ke7 24. Rxf8 Kxf8 25. Kf2 Ke7 26. Nc3 Ke6
27. Na4 Rc2 28. Ke1 Kxe5 29. Nxb6 axb6 30. a4 Kd5 31. a5 bxa5 32. Rxa5+ Kc6 33.
Ra1 Rb2 34. Rd1 Kb5 35. Rc1 Bc4 36. e4 g6 37. e5 h5 38. h4 Ra2 39. Rd1 Rb2 40.
Ra1 Bd3 41. e6 Kc6 42. Ra7 Bb5 43. Rd7 Rb1+ 44. Kf2 Rf1+ 45. Ke3 Rf8 46. Kd4
Rf6 47. Re7 Kd6 48. Rb7 Bc6 49. e7 Rf7 50. Bf4+ Ke6 51. Rb6 1-0

[Event "Int. Stuttgarter Stadtmeisterschaft B"]
[Site "Ditzingen"]
[Date "2019.06.02"]
[Round "7.17"]
[White "Feustel, Andreas"]
[Black "Oliva, Jan"]
[Result "0-1"]
[WhiteElo "1672"]
[BlackElo "1841"]
[PlyCount "68"]
[EventDate "2019.??.??"]
[WhiteTeam "SV Reutlingen"]

1. c4 c5 2. g3 Nc6 3. Bg2 g6 4. Nf3 Bg7 5. Nc3 e5 6. d3 d6 7. Bd2 Nge7 8. e3
O-O 9. O-O h6 10. Rb1 Be6 11. a3 d5 12. cxd5 Nxd5 13. Ne4 b6 14. Ne1 Qd7 15.
Nc3 f5 16. Nxd5 Bxd5 17. e4 Be6 18. Bc3 Rad8 19. Qc2 Nd4 20. Bxd4 Qxd4 21. exf5
Bxf5 22. Be4 Bh3 23. Ng2 Kh7 24. b4 Rc8 25. Qe2 c4 26. dxc4 Rxc4 27. Bd3 Rc3
28. Rfd1 Bg4 29. Qf1 Bxd1 30. Rxd1 Qg4 31. Ne3 Qe6 32. Bc4 Qc6 33. Bb5 Qa8 34.
a4 Rxe3 0-1

[Event "Int. Stuttgarter Stadtmeisterschaft B"]
[Site "Ditzingen"]
[Date "2019.06.02"]
[Round "7.18"]
[White "RÃ¼hl, Volker"]
[Black "WÃ¼bbens, Carsten"]
[Result "1-0"]
[WhiteElo "1805"]
[BlackElo "1655"]
[PlyCount "61"]
[EventDate "2019.??.??"]
[WhiteTeam "VfL Sindelfingen"]
[BlackTeam "SF Freiberg"]

1. e4 e6 2. d4 d5 3. e5 c5 4. c3 Nc6 5. Nf3 cxd4 6. cxd4 Nge7 7. Nc3 Nf5 8. Be3
Bd7 9. Rc1 Be7 10. Bd3 Nxe3 11. fxe3 Rc8 12. O-O O-O 13. Qe1 Nb4 14. Bb1 Qa5
15. a3 Na6 16. Bd3 Qb6 17. Qe2 Nc7 18. Kh1 g6 19. Rb1 a6 20. h4 f5 21. exf6
Bxf6 22. Ne5 Bxe5 23. dxe5 Bb5 24. Nxb5 Nxb5 25. h5 g5 26. h6 d4 27. Qg4 Qd8
28. Qxe6+ Kh8 29. Rxf8+ Qxf8 30. Rf1 Qd8 31. Qf7 1-0

[Event "Int. Stuttgarter Stadtmeisterschaft B"]
[Site "Ditzingen"]
[Date "2019.06.02"]
[Round "7.19"]
[White "Duran, Suat"]
[Black "Shahisavandi, Abdollah"]
[Result "1/2-1/2"]
[WhiteElo "1651"]
[BlackElo "1800"]
[PlyCount "56"]
[EventDate "2019.??.??"]
[WhiteTeam "SV Dicker Turm Esslingen"]
[BlackTeam "Karlsruher SF 1853"]

1. d4 Nf6 2. Nf3 g6 3. Bf4 c5 4. c3 cxd4 5. cxd4 Qa5+ 6. Qd2 Qb6 7. Nc3 Bg7 8.
e3 O-O 9. Be2 d6 10. e4 Nc6 11. d5 Ng4 12. O-O Nce5 13. Nd4 Nc4 14. Bxc4 Qxd4
15. Bd3 Bd7 16. h3 Ne5 17. Be2 Qxd2 18. Bxd2 Rac8 19. b3 f5 20. exf5 Bxf5 21.
Rac1 Nd3 22. Bxd3 Bxd3 23. Rfe1 Bd4 24. Rxe7 Rxf2 25. Be3 Rxc3 26. Kxf2 Rxc1
27. Bxd4 Rf1+ 28. Kg3 Rf7 1/2-1/2

[Event "Int. Stuttgarter Stadtmeisterschaft B"]
[Site "Ditzingen"]
[Date "2019.06.02"]
[Round "7.20"]
[White "SchÃ¤fer, Daniel"]
[Black "Pocrnic, Josip"]
[Result "1-0"]
[WhiteElo "1778"]
[BlackElo "1648"]
[PlyCount "43"]
[EventDate "2019.??.??"]
[WhiteTeam "Heilbronner SV"]
[BlackTeam "SF 1954 Conweiler e.V."]

1. d4 Nf6 2. Nf3 e6 3. c4 d5 4. Nc3 c6 5. Bg5 Be7 6. e3 O-O 7. Bd3 dxc4 8. Bxc4
Nbd7 9. O-O h6 10. Bh4 Qc7 11. Rc1 Qa5 12. Bd3 Bd6 13. Bb1 Qh5 14. Qd3 g6 15.
e4 Bf4 16. Rcd1 Nh7 17. Bg3 Bxg3 18. fxg3 Qa5 19. d5 b5 20. Nh4 b4 21. Nxg6 Ba6
22. Ne7+ 1-0